<The> Performance of Socialist Agriculture <A> Case Study of Production and Productivity in Czechoslovakia, 1934-38 and 1946-61

Uložené v:
Podrobná bibliografia
Hlavný autor: Lazarcik, Gregor
Médium: Kniha
Jazyk:English
Vydavateľské údaje: New York L.W. International Financial Research 1963
Vydanie:1. ed.
Predmet:
Tagy: Pridať tag
Žiadne tagy, Buďte prvý, kto otaguje tento záznam!

MARC

LEADER 00000nam a2200000 4500
001 c016148
005 20221207074918.8
041 0 |a eng 
044 |a US 
245 1 0 |a <The> Performance of Socialist Agriculture  |b <A> Case Study of Production and Productivity in Czechoslovakia, 1934-38 and 1946-61  |c Gregor Lazarcik 
250 |a 1. ed. 
264 1 |a New York  |b L.W. International Financial Research  |c 1963 
300 |a 121 s. 
610 2 0 |a poľnohospodárstvo 
610 2 0 |a výroba poľnohospodárska 
610 2 0 |a produkcia 
610 2 0 |a produktivita 
610 2 0 |a ČSR 
610 2 0 |a 1934-1938 
610 2 0 |a 1946-1961 
100 1 |a Lazarcik, Gregor